000 00682nam a2200289Ia 4500
005 20260324130304.0
008 008 260324s9999 xx 000 0 eng d
020 _a9780203934807
037 _aEBOOK
040 _aCRL
040 _beng
040 _cCRL
041 _2eng
041 _aeng
084 _qCRL
100 _aJeff Tan
_91181210
245 0 _aPrivatization in Malaysia
245 0 _bRegulation, Rent-Seeking and Policy Failure
260 _bTaylor and Francis
260 _c2007
365 _a
365 _b280
856 _uhttp://www.taylorfrancis.com/books/9780203934807
942 _cEBOOK
999 _c1777254
_d1777254